Operating system concepts

שמור ב:
מידע ביבליוגרפי
מחבר ראשי: Silberschatz, Abraham
פורמט: ספר
יצא לאור: Pearson
תגים: הוספת תג
אין תגיות, היה/י הראשונ/ה לתייג את הרשומה!

MARC

LEADER 00000nam a2200000Ia 4500
005 20260515061615.0
100 |a Silberschatz, Abraham. 
020 |a 9789357460569 
942 |c BK 
245 |a Operating system concepts  
260 |b Pearson 
999 |c 20  |d 20 
952 |0 0  |1 0  |4 0  |7 0  |a ABDN  |b ABDN  |d 2026-05-15  |l 0  |p 000015  |r 2026-05-15 06:16:15  |w 2026-05-15  |y BK